Uma reflexô sobre as relaė̳s de trabalho Homenagem ao professor Jos ̌Pastore

Bibliographic Details
Format: eBook
Language:Portuguese
Published: Sao Paulo : LTR Editora, 2013
Subjects:
Online Access:Acceso restringido

MARC

LEADER 00000nam a22000007a 4500
005 20140131130536.0
007 cr|||| ||||
008 140131s2013 br |||||s|||| 00||0 por d
020 |a 978-85-361-2799-6 
035 |a 11795 
040 |a vLex 
090 |c 4703  |d 4703 
245 0 4 |a Uma reflexô sobre as relaė̳s de trabalho  |h [Recurso electrn̤ico] :  |b Homenagem ao professor Jos ̌Pastore 
256 |a Servicio en ln̕ea 
260 |a Sao Paulo :  |b LTR Editora,  |c 2013 
300 |a 1 recurso electrn̤ico 
506 1 |a Contenido solo disponible en los productos indicados  |d vLex Global  |d vLex Global (Academic Edition, excluding Law Schools)  |d vLex Global (U.S. Academic Edition, Law Schools)  |d vLex Global (U.S. Academic Edition, excluding Law Schools)  |d vLex Global (Academic Edition, Law Schools) 
650 0 4 |a Derecho laboral  |z Brasil 
740 0 |a vLex Libros (Servicio en ln̕ea) 
856 4 0 |u http://vlex.com/source/reflexao-rela-oes-trabalho-homenagem-professor-jose-pastore-11795  |z Acceso restringido 
942 |c BOOK 
999 0 |a Labor laws and legislation